00429nam a22001457a 450000500170000000800410001704000070005804100120006508200210007710000250009824500370012326000340016036500540019465000350024820241221101607.0241221b ||||| |||| 00| 0 eng d cAL aEnglish 223a348.04bEASS aEastern Book Company aSupreme Court Cases 2005: Vol 13 aLucknowbEastern Book Company a1061b₹959.52c₹d₹1279.36e25%f28-11-2024 aMode of Citation (2005) 13 SCC